000 00564ntaaa2200193 4500
003 01
005 20251027202844.0
008 0714s1973 ag 01
040 _aAR-BaBN
_bspa
_cAR-BaBN
_eaacr
_dRIC
082 _a269.0000 C73
100 _aCompañerismo Internacional de Estudiantes Evangélicos
_920567
245 _aDispersión y testimonio
250 _a1 ed.
260 _aLima :
_bCompañerismo Internacional de Estudiantes Evangélicos,
_c1966, 1967
300 _a24 p
500 _aNotas sobre evangelización
650 _aevangelización
942 _cBK
999 _c23941
_d23941